000
00360nam a22001217a 4500
040
_c
RUA
082
_a
A284 ឌុំ 2019 C160 Or.1
100
_a
ឌុំ ដាវុយ,
245
_a
Winston Churchill, វិនស្តុន ឆឺឈីល
260
_a
PHNOM PENH.
_b
RUA.
_c
2019.
300
_a
179p.
_b
ill.
_c
22cm.
942
_c
អភិវឌ្ឍន៍
999
_c
25664
_d
25664